000 00971nam a2200265Ia 4500
003 OSt
005 20220923211426.0
006 a|||||r|||| 00| 0
007 ta
008 220922b |||||||| |||| 00| 0 san d
020 _a9788193857922 (hbk)
_c350
024 _a348,106
037 _b242, 16/01/2019, Eastern Book Linkers
_cTextual
040 _aARTS
_cARTS
_bsan
041 _2san
_asan
082 _aNA44,2:3(Delta:864), 152Q8
100 _aदत्त, सुनील, ले.
245 0 _aवास्तुसौख्यपरिशीलन
246 _aVāstusaukhyaparishīlana
260 _aदिल्ली
_b ईस्टर्न बुक लिंकर्स
_c2018
300 _a106पृ0
_ccm.
650 _aवास्तुशास्त्र
942 _hNA44,2:3(Delta:864), 152Q8
_cTEXL
_2CC
999 _c299313
_d299313